000 01094nam a2200229Ia 4500
001 16906
005 20260330171337.0
008 260306t2017||||xx |||||||||||||| ||und||
041 _aESP
082 _a657.3
_bG24
100 _aGarcía Padilla, Víctor Manuel
_eAUT
245 0 _aAnálisis financiero. Un enfoque integral
260 _c2017
300 _axiv, 450 páginas :
_c27 cm.
650 _aGEN
654 _aCCO
856 _uhttps://itmsp.museknowledge.com/UCSP?url=https://www.ebooks7-24.com:443/?il=634&pg=1
_zVéase además: Análisis financiero, por Marcial Córdoba Padilla. Versión digital
856 _uhttps://0u213upve-y-https-ebooks7--24-com.itmsp.museknowledge.com/biblioteca.aspx
_zVéase además: Base de datos Ebook7-24
856 _uhttps://0u20fupw3-y-https-research-ebsco-com.itmsp.museknowledge.com/c/qxo6us/search
_zVéase además: Base de datos EBSCOhost
856 _uhttps://0u20vupw9-y-https-ebookcentral-proquest-com.itmsp.museknowledge.com/lib/catolicasp/home.action
_zVéase además: Base de datos ProQuest Ebook Central
942 _cLIB
_dJUS
_fJUS
_2ddc
999 _c16906
_d16906